Διοίκηση Ανθρώπινου Δυναμικού Τουριστικών Επιχειρήσεων (Record no. 3270)
[ view plain ]
| 000 -LEADER | |
|---|---|
| fixed length control field | 01804cam a22001934a 4500 |
| 005 - ΗΜΕΡΟΜΗΝΙΑ ΚΑΙ ΩΡΑ ΤΕΛΕΥΤΑΙΑΣ ΕΝΗΜΕΡΩΣΗΣ | |
| Πεδίο ελέγχου | 20250605164110.0 |
| 008 - FIXED-LENGTH DATA ELEMENTS--GENERAL INFORMATION | |
| Πεδίο ελέγχου σταθερού μήκους | 250528s ||||||||||||||||||||||||d |
| 035 ## - SYSTEM CONTROL NUMBER | |
| System control number | 17871 |
| 020 ## - ISBN | |
| ISBN | 9789606030086 |
| 040 ## - ΠΗΓΗ ΚΑΤΑΛΟΓΟΓΡΑΦΗΣΗΣ | |
| Φορέας πρωτότυπης καταλογογράφησης | MC Athens Campus Library |
| Γλώσσα καταλογογράφησης | Ελληνικά, Μοντέρνα (1453-) |
| Modifying agency | MC Athens Campus Library |
| Κανόνες περιγραφικής καταλογογράφησης | AACR2 |
| 245 1# - ΤΙΤΛΟΣ ΚΑΙ ΔΗΛΩΣΗ ΥΠΕΥΘΥΝΟΤΗΤΑΣ | |
| Τίτλος | Διοίκηση Ανθρώπινου Δυναμικού Τουριστικών Επιχειρήσεων |
| 260 ## - PUBLICATION, DISTRIBUTION, ETC. | |
| Name of publisher, distributor, etc. | Ελληνικά Ακαδημαϊκά Συγγράμματα Και Βοηθήματα, |
| Date of publication, distribution, etc. | 2015 |
| 300 ## - PHYSICAL DESCRIPTION | |
| Extent | 260 |
| 520 ## - SUMMARY, ETC. | |
| Summary, etc. | Δοίκηση Προσωπικού Τουριστικών Επιχειρήσεων, Ιστορική Ανασκόπηση στην Επιστήμη της Διοίκησης, Ιδιαιτερότητες των Σύγχρονων Επιχειρήσεων, Βασικές Έννοιες σχετικά με τη Διοίκηση Ανθρώπινου Δυναμικού, Οργανωσιακές Σχέσεις, Η Παραγωγικότητα της Εργασίας, Η Υπηρεσία Προσωπικού στις Τουριστικές Επιχειρήσεις, Ο Προγραμματισμός Ανθρώπινου Δυναμικού στις Τουριστικές Επιχειρήσεις, Αξιολόγηση Έργου Προσωπικού Τουριστικών Επιχειρήσεων, Η Σημασία της Εργασίας στην Ποιότητα Απόδοσης, Στελέχωση, Εκπαίδευση Προσωπικού στις Τουριστικές Επιχειρήσεις, Η Δυναμική της Ιεραρχίας, Αξιολόγηση Θέσεων Εργασίας στον Τουριστικό Κλάδο, Βιβλιογραφία. |
| 700 1# - ΠΡΟΣΘΕΤΗ ΑΝΑΓΡΑΦΗ--ΦΥΣΙΚΟ ΠΡΟΣΩΠΟ | |
| Personal name | Λαλούμης Δημήτριος |
| 9 (RLIN) | 4163 |
| 942 ## - ADDED ENTRY ELEMENTS (KOHA) | |
| Koha item type | Books |
| Τύπος τεκμηρίου | Βιβλιοθήκη | Τρέχουσα τοποθεσία | Barcode | Αριθμός εισαγωγής | Ημερομηνία απόκτησης | Ταξιθετικό σύμβολο | Αριθμός αντιτύπου | Κατάσταση απόσυρσης | Κατάσταση χαμένου | Κατάσταση κατεστραμμένου | Μη δανεισμός | Σύνολο δανεισμών | Ημερομηνία τελευταίας εμφάνισης | Η τιμή ισχύει από |
|---|---|---|---|---|---|---|---|---|---|---|---|---|---|---|
| Books | MC Athens Campus Library | MC Athens Campus Library | 9780000032690 | 7356 | 05/06/2025 | 338.47910683 LAL | 1 | 05/06/2025 | 05/06/2025 |